SCIENCE IN OUR WORLD: TIME (Record no. 2052)
[ view plain ]
| 000 -LEADER | |
|---|---|
| fixed length control field | 00277nam a22001217a 4500 |
| 082 ## - DEWEY DECIMAL CLASSIFICATION NUMBER | |
| Classification number | 030 |
| Item number | KNA/T-16 |
| 100 ## - MAIN ENTRY--AUTHOR NAME | |
| Personal name | KNAPP,BRIAN |
| 245 ## - TITLE STATEMENT | |
| Title | SCIENCE IN OUR WORLD: TIME |
| 260 ## - PUBLICATION, DISTRIBUTION, ETC. (IMPRINT) | |
| Place of publication | UK |
| Name of publisher | ATLANTIC EUROPE PUBLISHING |
| 300 ## - PHYSICAL DESCRIPTION | |
| Number of Pages | 48 |
| 650 ## - SUBJECT ADDED ENTRY--TOPICAL TERM | |
| Topical Term | GENERAL KNOWLEDGE |
| Geographic subdivision | UK |
| 942 ## - ADDED ENTRY ELEMENTS (KOHA) | |
| Koha item type | Books |
| Withdrawn status | Lost status | Collection code | Home library | Current library | Shelving location | Date acquired | Source of acquisition | Full call number | Accession Number | Koha item type |
|---|---|---|---|---|---|---|---|---|---|---|
| Reference | Main Library | Main Library | SHELF 2-A SCIENCE IN OUR WORLD,FUNK7WAGNALLS ENCYCLO,,FIRST AID ,Y2K,MEDICAL | 14/12/2004 | PURCHASE | 030 KNA/T-16 | 01811 | Books |